隣駅までの運賃が130円以内の駅 - Statistics

General Stats
  • This quiz has been taken 37 times
    22 since last reset
  • The average score is 12 of 41
Answer Stats
Answer Hint % Correct
準大手私鉄 江坂 100円
86%
準大手私鉄 千里中央 100円
86%
準大手私鉄 緑地公園 100円
76%
準大手私鉄 桃山台 100円
76%
モノレール 多摩センター 102円
48%
モノレール 立川南 102円
48%
モノレール 立川北 102円
48%
モノレール 多摩動物公園 102円
43%
モノレール 高幡不動 102円
43%
モノレール 玉川上水 102円
43%
モノレール 上北台 102円
43%
モノレール 立飛 102円
38%
モノレール 大塚・帝京大学 102円
33%
モノレール 中央大学・明星大学 102円
33%
モノレール 高松 102円
33%
モノレール 程久保 102円
29%
ケーブルカー 強羅 90円
24%
ケーブルカー 中強羅 90円
24%
ケーブルカー 上強羅 90円
24%
ケーブルカー 早雲山 90円
24%
第3セクター 郡家 100円
24%
第3セクター 八頭高校前 100円
24%
モノレール 甲州街道 102円
24%
モノレール 柴崎体育館 102円
24%
モノレール 砂川七番 102円
24%
路面電車 岡山駅前 120円
24%
ケーブルカー 公園下 90円
19%
ケーブルカー 公園上 90円
19%
モノレール 万願寺 102円
19%
モノレール 泉体育館 102円
19%
路面電車 西川緑道公園 120円
19%
モノレール 松が谷 102円
14%
モノレール 桜街道 102円
14%
路面電車 柳川 120円
14%
路面電車 城下 120円
14%
路面電車 県庁通り 120円
14%
路面電車 郵便局前 120円
14%
中小私鉄 市役所前 120円
10%
中小私鉄 西御坊 120円
10%
中小私鉄 紀伊御坊 120円
5%
中小私鉄 学門 120円
0%
No matching quizzes found
Score Distribution
Percent of People with Each Score
Percentile by Number Answered
Your Score History
You have not taken this quiz since the last reset